| 000 | 00453nam a2200193Ia 4500 | ||
|---|---|---|---|
| 008 | 170918s9999 xx 000 0 und d | ||
| 020 | _a9780545484343 | ||
| 050 | _bM643 2013 | ||
| 100 | _aMiles, Ellen | ||
| 245 | _aKitty corner : guide to kittens/ | ||
| 245 | _cby Ellen Miles. | ||
| 260 | _aNew York : | ||
| 260 | _bScholastic, | ||
| 260 | _c2013 | ||
| 300 | _a80 pages : | ||
| 300 | _billustrations ; | ||
| 300 | _c19cm. | ||
| 500 | _a900 | ||
| 999 |
_c343293 _d343293 |
||